000 00834nam a2200229Ia 4500
005 20250108124843.0
008 008 250107s9999 xx 000 0 hin d
020 _a978-81-948736-0-0
037 _aTB
040 _aCRL
_bhin
_cCRL
041 _ahin
_2hin
084 _aY15w Q1
084 _qCRL
100 _aभटनागर, अनन्त, ले.
245 0 _aप्रसाद का कथा लोक और हमारा समय
_cभटनागर, अनन्त, ले.
260 _aबीकानेर, भारत
_bसूर्य प्रकाशन मन्दिर
_c2447
300 _a180पृ0
365 _aINR
_b195
650 _aहिन्दी कहानीहिन्दी साहित्य
_9729733
942 _cTB
_hY15w Q1
999 _c1234835
_d1234835